Ký sự những mối tình nghèo

Đã lưu trong:
Chi tiết về thư mục
Tác giả chính: Pratôlini, Vaxcô
Tác giả khác: Nguyễn Vĩnh (Dịch)
Định dạng: Sách
Ngôn ngữ:Vietnamese
Được phát hành: Nghĩa Bình Hội văn học nghệ thuật Nghĩa Bình 1985
Những chủ đề:
Các nhãn: Thêm thẻ
Không có thẻ, Là người đầu tiên thẻ bản ghi này!
Thư viện lưu trữ: Mạng thư viện Đại học Đà Nẵng
LEADER 01119nam a2200337 4500
001 000004541
003 680
005 20120411160438.0
008 110721s1985 viesd
020 |c 20000 
041 0 |a vie 
082 |a 853  |b PR-V 
100 0 |a Pratôlini, Vaxcô 
245 0 |a Ký sự những mối tình nghèo  |c Vaxcô, Pratôlini ; Nguyễn Vĩnh ... dịch 
260 |a Nghĩa Bình  |b Hội văn học nghệ thuật Nghĩa Bình  |c 1985 
300 |a 483 tr  |c 19 cm 
653 |a Văn học hiện đại 
653 |a Kí sự 
653 |a Liên Xô 
700 |a Nguyễn Vĩnh  |e Dịch 
910 |a Nguyễn Thị Kim Oanh  |d 21/ 07/ 2011 
OWN |a LSP 
AVA |a UDN50  |b LSP  |d 853 PR-V  |e available  |t Error 5001 Not defined in file expand_doc_bib_avail.  |f 2  |g 0  |h N  |i 0  |k 1 
999 |a From the UDN01 
AVA |a UDN50  |b LSP  |d 853 PR-V  |e available  |t Error 5001 Not defined in file expand_doc_bib_avail.  |f 2  |g 0  |h N  |i 0  |k 1 
TYP |a Monograph 
TYP |a Printed language 
980 |a Mạng thư viện Đại học Đà Nẵng